Higher secondary education (class XI)/ (Record no. 7107)

MARC details
000 -LEADER
fixed length control field 00575cam a2200217ua 4500
005 - DATE AND TIME OF LATEST TRANSACTION
control field 20230907155833.0
008 - FIXED-LENGTH DATA ELEMENTS--GENERAL INFORMATION
fixed length control field 150103n ii |||gr||||Z||||||eng
020 ## - INTERNATIONAL STANDARD BOOK NUMBER
International Standard Book Number 9789381784181
040 ## - CATALOGING SOURCE
Transcribing agency MAIN
Original cataloging agency IN-DiNC
041 ## - LANGUAGE CODE
Language code of sung or spoken text English
082 ## - DEWEY DECIMAL CLASSIFICATION NUMBER
Classification number 370
Item number SAI
100 ## - MAIN ENTRY--PERSONAL NAME
Personal name Saikia, Tarun,
Relator term Author
245 1# - TITLE STATEMENT
Title Higher secondary education (class XI)/
Statement of responsibility, etc. By Tarun Saikia
250 ## - EDITION STATEMENT
Edition statement 11th ed.
260 ## - PUBLICATION, DISTRIBUTION, ETC.
Place of publication, distribution, etc. Jorhat:
Name of publisher, distributor, etc. Bidya bhawan,
Date of publication, distribution, etc. 2013.
300 ## - PHYSICAL DESCRIPTION
Extent 302p.
650 ## - SUBJECT ADDED ENTRY--TOPICAL TERM
Topical term or geographic name entry element Education for class XI
700 ## - ADDED ENTRY--PERSONAL NAME
Personal name Saikia, Runu Borah,
Relator term Author
942 ## - ADDED ENTRY ELEMENTS (KOHA)
Koha item type Books
Source of classification or shelving scheme Dewey Decimal Classification
653 ## - INDEX TERM--UNCONTROLLED
Uncontrolled term Education
Holdings
Withdrawn status Lost status Source of classification or shelving scheme Damaged status Not for loan Collection code Home library Current library Shelving location Date acquired Cost, normal purchase price Total Checkouts Full call number Barcode Date last seen Date last checked out Copy number Price effective from Koha item type
    Dewey Decimal Classification     Education Central Library, Naharkatiya College Central Library, Naharkatiya College General Stacks 19/09/2020 450.00 12 370 SAI 22683 26/04/2024 04/04/2024 1 19/09/2020 Books
    Dewey Decimal Classification     Education Central Library, Naharkatiya College Central Library, Naharkatiya College General Stacks 19/09/2020 450.00 9 370 SAI 22684 17/03/2026 11/03/2026 2 19/09/2020 Books
    Dewey Decimal Classification     Education Central Library, Naharkatiya College Central Library, Naharkatiya College General Stacks 19/09/2020 450.00 5 370 SAI 22685 07/02/2023 19/12/2022 3 19/09/2020 Books
    Dewey Decimal Classification     Education Central Library, Naharkatiya College Central Library, Naharkatiya College General Stacks 07/09/2023 450.00 6 370 SAI 29368 17/03/2026 13/03/2026 4 07/09/2023 Books
    Dewey Decimal Classification     Education Central Library, Naharkatiya College Central Library, Naharkatiya College General Stacks 07/09/2023 450.00 2 370 SAI 29369 04/09/2025 19/08/2025 5 07/09/2023 Books

Naharkatiya College © 2020. All rights reserved.

Powered By